000 008520000a22002530004500
005 20200104041724.0
008 170206b xxu||||| |||| 00| 0 spa d
040 _aCO-BoIAVH
_cCO-BoIAVH
041 _aspa
090 _aMM
_b00137
110 1 _aCentro Internacional de Investigaciones para el Desarrollo
_978791
245 1 0 _aAbriendo brecha
_sminería minerales y desarrollo sustentable
257 _aCanadá
264 _aCanadá
_bIIED
300 _bCD-ROM
_a1
500 _aRequerimientos del sistema: Windows 95 o superiores
650 1 4 _aMinería
_993137
650 1 4 _aExplotación minera
_978793
650 1 4 _aDesarrollo sostenible
_9278
650 1 4 _aGestión ambiental en minería
_978795
650 1 4 _aLegislación ambiental
_992309
856 _uhttp://www.iied.org/mining-minerals-sustainable-development-mmsd
942 _cCD-ROM
_2z
999 _c16513
_d16513